000 01262nac a22003137a 4500
001 BR8400448
003 BR-BrBNA
005 20240105115928.0
008 230509b bl.|||m| |||| 00| 0 por d
040 _aBR-BrBNA
_bpor
_cBiblioteca Nacional de Agricultura
072 _aL72
090 _a5240 BR8400448
100 1 _aPinheiro, A. da C.
100 1 _aEchevarria, F.A.M.
100 1 _aAlves-Branco, F. de P.J.
110 1 _aUnidade de Execucao de Pesquisa de Ambito Estadual de Bage, RS (Brasil)
245 1 _aDescontaminacao das pastagens de ovinos pelo pastoreio alternado com bovinos [Haemonchus contortus, Trichostrongylus colubriformis, verminose, Rio Grande do Sul, Brasil]
246 1 _a[Descontamination of sheep pastures through alternate pasturing with bovine [Haemonchus contortus, Trichostrongylus colubriformis, verminosis, Rio Grande do Sul, Brazil]]
260 3 _aBage, RS (Brasil):
_c1983.
300 _a3 p.
490 _aPesquisa em Andamento - Unidade de Execucao de Pesquisa de Ambito Estadual de Bage (Brazil)
_vno. 3
_x
650 _aOVINO
650 _aBOVINO
650 _aPASTAGEM
650 _aVERMINOSE
650 _aRIO GRANDE DO SUL
909 _a202312
_bLúcia Elande
_c55
_dLúcia Elande
942 _2AGRIS
_n0
_cMS
999 _c277125
_d277125